| 000 | 00515nam a2200145Ia 4500 | ||
|---|---|---|---|
| 008 | 140724s9999 xx 000 0 und d | ||
| 050 |
_aQA 76.9.S88 _b.C578 2011 |
||
| 100 | _aCirera, Mark Anthony Lomat. | ||
| 245 |
_aComputerized inventory system for Del Rosario Auto Supply / _cMark Anthony Lomat Cirera. |
||
| 260 |
_aLas PiƱas, Philippines : _bSouthville International School and Colleges, _cc2011. |
||
| 300 |
_a54 p. : _bill. ; _c28 cm. |
||
| 521 | _aInformation Technology | ||
| 942 | _cTH | ||
| 999 |
_c229273 _d229273 |
||